<?xml version="1.0" encoding="UTF-8"?>
<record
    xmlns:xsi="http://www.w3.org/2001/XMLSchema-instance"
    xsi:schemaLocation="http://www.loc.gov/MARC21/slim http://www.loc.gov/standards/marcxml/schema/MARC21slim.xsd"
    xmlns="http://www.loc.gov/MARC21/slim">

  <leader>01065nam2a2200265   4500</leader>
  <controlfield tag="001">RU\NLR\bibl\401265</controlfield>
  <controlfield tag="005">20250622164057.0</controlfield>
  <datafield tag="010" ind1=" " ind2=" ">
    <subfield code="a">5-275-00584-9</subfield>
    <subfield code="b">&#x442;. 1</subfield>
  </datafield>
  <datafield tag="021" ind1=" " ind2=" ">
    <subfield code="a">RU</subfield>
    <subfield code="b">2003-13486</subfield>
    <subfield code="9">622</subfield>
  </datafield>
  <datafield tag="035" ind1=" " ind2=" ">
    <subfield code="a">(NLR Aleph) 000395434</subfield>
  </datafield>
  <datafield tag="090" ind1=" " ind2=" ">
    <subfield code="a">541971</subfield>
    <subfield code="c">541971</subfield>
  </datafield>
  <datafield tag="100" ind1=" " ind2=" ">
    <subfield code="a">20030522d2002    |||y0rusy50      ca</subfield>
  </datafield>
  <datafield tag="101" ind1="1" ind2=" ">
    <subfield code="a">rus</subfield>
    <subfield code="c">eng</subfield>
  </datafield>
  <datafield tag="102" ind1=" " ind2=" ">
    <subfield code="a">RU</subfield>
  </datafield>
  <datafield tag="105" ind1=" " ind2=" ">
    <subfield code="a">a   |||||||||</subfield>
  </datafield>
  <datafield tag="200" ind1="0" ind2=" ">
    <subfield code="a">&#x422;. 1</subfield>
  </datafield>
  <datafield tag="210" ind1=" " ind2=" ">
    <subfield code="d">2002</subfield>
    <subfield code="a">&#x411;. &#x43C;.</subfield>
  </datafield>
  <datafield tag="215" ind1=" " ind2=" ">
    <subfield code="a">685,[1] &#x441;., [25] &#x43B;. &#x438;&#x43B;.</subfield>
  </datafield>
  <datafield tag="327" ind1="1" ind2=" ">
    <subfield code="a">&#x421;&#x43E;&#x434;&#x435;&#x440;&#x436;.: &#x411;&#x43E;&#x436;&#x435;&#x441;&#x442;&#x432;&#x435;&#x43D;&#x43D;&#x430;&#x44F; &#x43A;&#x43E;&#x43C;&#x435;&#x434;&#x438;&#x44F; / &#x414;&#x430;&#x43D;&#x442;&#x435; &#x410;&#x43B;&#x438;&#x433;&#x44C;&#x435;&#x440;&#x438;. &#x414;&#x430;&#x43D;&#x442;&#x435;. &#x415;&#x433;&#x43E; &#x432;&#x440;&#x435;&#x43C;&#x44F;, &#x435;&#x433;&#x43E; &#x43F;&#x440;&#x43E;&#x438;&#x437;&#x432;&#x435;&#x434;&#x435;&#x43D;&#x438;&#x44F;, &#x435;&#x433;&#x43E; &#x433;&#x435;&#x43D;&#x438;&#x439; / &#x414;.&#x410;. &#x421;&#x438;&#x43C;&#x43E;&#x43D;&#x434;&#x441;</subfield>
  </datafield>
  <datafield tag="461" ind1=" " ind2="0">
    <subfield code="1">001RU\NLR\bibl\408981</subfield>
    <subfield code="1">2001#$a&#x41C;&#x438;&#x440; &#x414;&#x430;&#x43D;&#x442;&#x435;$v&#x422;. 1</subfield>
    <subfield code="9">587471</subfield>
    <subfield code="a">&#x414;&#x430;&#x43D;&#x442;&#x435; &#x410;&#x43B;&#x438;&#x433;&#x44C;&#x435;&#x440;&#x438; (1265-1321)</subfield>
    <subfield code="c">&#x41C;.</subfield>
    <subfield code="d">2002</subfield>
    <subfield code="f">&#x414;&#x430;&#x43D;&#x442;&#x435; &#x410;&#x43B;&#x438;&#x433;&#x44C;&#x435;&#x440;&#x438;</subfield>
    <subfield code="n">&#x422;&#x415;&#x420;&#x420;&#x410;-&#x41A;&#x43D;. &#x43A;&#x43B;&#x443;&#x431;</subfield>
    <subfield code="o">&#x412; 3 &#x442;. : [&#x41F;&#x435;&#x440;. &#x441; &#x438;&#x442;&#x430;&#x43B;.]</subfield>
    <subfield code="t">&#x41C;&#x438;&#x440; &#x414;&#x430;&#x43D;&#x442;&#x435;</subfield>
    <subfield code="y">5-275-00583-0</subfield>
    <subfield code="v">&#x422;. 1</subfield>
  </datafield>
  <datafield tag="801" ind1=" " ind2="0">
    <subfield code="a">RU</subfield>
    <subfield code="b">NLR</subfield>
    <subfield code="c">20030522</subfield>
    <subfield code="g">PSBO</subfield>
  </datafield>
  <datafield tag="801" ind1=" " ind2="1">
    <subfield code="a">RU</subfield>
    <subfield code="b">NLR</subfield>
    <subfield code="c">20030522</subfield>
  </datafield>
  <datafield tag="942" ind1=" " ind2=" ">
    <subfield code="c">BOOK</subfield>
  </datafield>
  <datafield tag="980" ind1=" " ind2=" ">
    <subfield code="a">NB</subfield>
  </datafield>
  <datafield tag="995" ind1=" " ind2=" ">
    <subfield code="5">2003-05-22</subfield>
    <subfield code="a">ad</subfield>
    <subfield code="b">NLR01</subfield>
    <subfield code="c">NLR01</subfield>
    <subfield code="e">RF3</subfield>
    <subfield code="f">1-1535252</subfield>
    <subfield code="k">2003-8/1547</subfield>
    <subfield code="o">0</subfield>
    <subfield code="r">BOOK</subfield>
    <subfield code="s">200381547_</subfield>
  </datafield>
  <datafield tag="995" ind1=" " ind2=" ">
    <subfield code="5">2003-05-22</subfield>
    <subfield code="a">ad</subfield>
    <subfield code="b">NLR01</subfield>
    <subfield code="c">NLR01</subfield>
    <subfield code="e">RF3</subfield>
    <subfield code="f">1-888055</subfield>
    <subfield code="k">2003-8/1547</subfield>
    <subfield code="o">0</subfield>
    <subfield code="r">BOOK</subfield>
    <subfield code="s">200381547_</subfield>
  </datafield>
</record>
